| 000 | 007500000a22002530004500 | ||
|---|---|---|---|
| 003 | LK-CoMWRAF | ||
| 005 | 20231006113209.0 | ||
| 008 | 230817t1991 ||||| |||| 00| 0 eng d | ||
| 020 | _a8171510442 | ||
| 040 |
_aLK-CoMWRAF _dLK-CoMWRAF _eLK-CoMWRAF |
||
| 041 | _aeng | ||
| 082 |
_a297 _bMUS |
||
| 100 | _aMuslim, Imam | ||
| 245 |
_aSahih Muslim : _bBeing traditions of the sayings and doings of the Prophet Muḥammad as narrated by his companions and compiled under the title Al-Jāmiʿ-Uṣ-Ṣaḥiḥ |
||
| 250 | _a9th Edition | ||
| 260 |
_aNew Delhi: _bKitab Bhavan, _c1991 |
||
| 300 | _a384p | ||
| 490 | _aVol.111 | ||
| 650 | _aIslam | ||
| 650 | _aMennonite | ||
| 650 | _aMuslim | ||
| 700 |
_a Siddiqi, Abdul _etrans. |
||
| 942 | _cBK | ||
| 999 |
_c114 _d114 |
||